Eredivisie Winners - Statistics

General Stats
  • This quiz has been taken 558 times
  • The average score is 62 of 66
Answer Stats
Hint Answer % Correct
1956/1957 Ajax
100%
1959/1960 Ajax
100%
1965/1966 Ajax
100%
1966/1967 Ajax
100%
1967/1968 Ajax
100%
1969/1970 Ajax
100%
1971/1972 Ajax
100%
1972/1973 Ajax
100%
1976/1977 Ajax
100%
1978/1979 Ajax
100%
1979/1980 Ajax
100%
1981/1982 Ajax
100%
1982/1983 Ajax
100%
1984/1985 Ajax
100%
1989/1990 Ajax
100%
1993/1994 Ajax
100%
1994/1995 Ajax
100%
1995/1996 Ajax
100%
1997/1998 Ajax
100%
2001/2002 Ajax
100%
2003/2004 Ajax
100%
2010/2011 Ajax
100%
2011/2012 Ajax
100%
2012/2013 Ajax
100%
2013/2014 Ajax
100%
2018/2019 Ajax
100%
2020/2021 Ajax
100%
2021/2022 Ajax
100%
1962/1963 PSV
99%
1974/1975 PSV
99%
1975/1976 PSV
99%
1977/1978 PSV
99%
1985/1986 PSV
99%
1986/1987 PSV
99%
1987/1988 PSV
99%
1988/1989 PSV
99%
1990/1991 PSV
99%
1991/1992 PSV
99%
1996/1997 PSV
99%
1999/2000 PSV
99%
2000/2001 PSV
99%
2002/2003 PSV
99%
2004/2005 PSV
99%
2005/2006 PSV
99%
2006/2007 PSV
99%
2007/2008 PSV
99%
2014/2015 PSV
99%
2015/2016 PSV
99%
2017/2018 PSV
99%
1960/1961 Feyenoord
98%
1961/1962 Feyenoord
98%
1964/1965 Feyenoord
98%
1968/1969 Feyenoord
98%
1970/1971 Feyenoord
98%
1973/1974 Feyenoord
98%
1983/1984 Feyenoord
98%
1992/1993 Feyenoord
98%
1998/1999 Feyenoord
98%
2016/2017 Feyenoord
98%
1980/1981 AZ
87%
2008/2009 AZ
87%
2009/2010 FC Twente
84%
1958/1959 Sparta
58%
1963/1964 DWS
17%
1957/1958 DOS
16%
2019/2020 Geen Kampioen
2%
No matching quizzes found
Score Distribution
Percent of People with Each Score
Percentile by Number Answered
Your Score History
You have not taken this quiz